Score 0/30 Timer 08:00
1 Play Today
Hint Answer % Correct
_ _ I D G EBRIDGE
94.2%
_ _ R M A LNORMAL
87.4%
_ _ A L M SPSALMS
87.3%
_ _ I D G EFRIDGE
86.3%
_ _ V I C EADVICE
86.1%
_ _ R R O RTERROR
85.6%
_ _ R I F TADRIFT
84.6%
_ _ R R O RHORROR
79.3%
_ _ T U A LACTUAL
78%
_ _ R R O RMIRROR
74.5%
_ _ A L M SQUALMS
73.1%
_ _ R M A LFORMAL
70.7%
_ _ N D O RCANDOR
70.5%
_ _ V I C ENOVICE
68.4%
_ _ S T E NHASTEN
68.2%
Hint Answer % Correct
_ _ S T E NLISTEN
66.6%
_ _ S T E NFASTEN
66%
_ _ R I F TTHRIFT
65.9%
_ _ T U A LRITUAL
65.7%
_ _ V I C EDEVICE
64.8%
_ _ A L M SREALMS
62.4%
_ _ T U A LMUTUAL
62.4%
_ _ E N L YEVENLY
61.7%
_ _ N D O RCONDOR
60.7%
_ _ R M A LDERMAL
57.8%
_ _ E N L YOPENLY
57.4%
_ _ N D O RVENDOR
52.3%
_ _ E N L YKEENLY
52%
_ _ R I F TSHRIFT
38.9%
_ _ I D G ESMIDGE
33.3%

You're not logged in!

Compare scores with friends on all Sporcle quizzes.
OR
Log In

Sporcle TV

Today on Sporcle TV


Watch our educational content, quiz creation guides, and fun videos on Sporcle TV.

Show Comments

Extras

Top Quizzes Today


Score Distribution

Paid Content

Your Account Isn't Verified!

In order to create a playlist on Sporcle, you need to verify the email address you used during registration. Go to your Sporcle Settings to finish the process.

Report this User

Report this user for behavior that violates our Community Guidelines.

Details: